000 00773nam a2200229 i 4500
001 11788
003 ES-MaACL
005 20240423160501.0
007 t|
008 961212s1991 sp ||||1| spa d
020 _a84-87942-00-8
080 _a860-14"19"
100 1 _aFernández Martínez, María Lourdes.
_949911
245 1 0 _aTierra redonda y profética /
_cMaría Lourdes Fernández Martínez.
260 _aGuadalajara :
_bAyuntamiento, Patronato Municipal de Cultura,
_cD.L. 1991.
300 _a70 p. :
_bil. ;
_c21 cm.
490 1 _aColección Avena loca
710 1 _aGuadalajara.
_bAyuntamiento.
_94548
830 0 _aColección Avena Loca
_9228222
852 _aES-MaACL
_jL-19199
_bR.122862
_q. - Ded. autógr. de la autora
999 _c11788
_d11788